00979nam a2200241 a 450000100100000000500170001000800410002702000150006804000250008308200150010810000240012324000810014724500960022826000370032430000260036149000220038750000270040950000960043650400460053283000290057895201130060799900170072000003676520200930075925.0120131s1987 ag ac 000 0 spa d a9501266591 aDO-SdBNPbspacBNPHU axxxxbF9821 aFunk, Rainer96309610aErich Fromm. mit selbstzeugnissen und bilddo-kumenten dargestelltlEspañol10aFromm vida y obra. /cRainer Funk; traducción castellana de Juana Deustscher y Vilko Gal. aBuenos Aires :bPaídos,c1987. a206 p. :bil., retrs.1 aPaidos studiov59 aTraducida del alemán aCon testimonios personales de Erich Fromm y documentación gráfica reunidos por el autor aCronología y bibliografía : p.197-206 0aPaidos studiov59949141 001050718MOaGRbGRcCTd2012-01-31iLF1l0oxxxx F982p36765-10r2020-06-25w2020-06-25y1ZNo se presta c36256d36256